| 000 | 00499nam a22001817a 4500 | ||
|---|---|---|---|
| 005 | 20250225115001.0 | ||
| 010 | _aENG-143907 | ||
| 020 |
_c150.00 _a9788195131594 |
||
| 035 | _aEN-109838 | ||
| 037 | _bDBAD/PUB | ||
| 082 | _a920 | ||
| 100 |
_aParvathi, B. _978637 |
||
| 245 |
_aFundamentals of Computer: _cby B. Parvath Devi |
||
| 260 |
_aTriunelveli _bAmirthalakshmi _c2022 |
||
| 270 |
_bTriunelveli _e627011 |
||
| 300 |
_a118p.g _c20cm(pbk) |
||
| 942 |
_2ddc _cEN _h005.2 _mPAR |
||
| 999 |
_c209714 _d209714 |
||